Sportowcy z Wybrzeża Kości Słoniowej - nagła śmierć - Statystyki

Ogólne statystyki
  • Ten quiz został rozwiązany 24 razy
  • Średni wynik to 8 z 12
Answers on the Grid
Answers color-coded by a green-red scale on the quiz's grid according to % correct below.
Didier Drogba
Sébastien Haller
Samuel Eto'o
N'Golo Kanté
Naby Keïta
Franck Kessié
Thomas Partey
Yaya Touré
Cheick Sallah Cissé
Cedric Bakambu
Christopher Nkunku
Salomon Kalou
Caster Semenya
Salomon Kalou
Marie Josée Ta Lou-Smith
Sadio Mané
Gervinho
Victor Osimhen
Ben-Youssef Meïté
Adama Traoré
Kolo Touré
Kalidou Koulibaly
Blaise Matuidi
Murielle Ahouré-Demps
 
Statystyki odpowiedzi
Odpowiedź % Poprawnych
Didier Drogba
100%
Sébastien Haller
82%
Franck Kessié
77%
Kolo Touré
77%
Yaya Touré
77%
Gervinho
64%
Salomon Kalou
64%
Salomon Kalou
64%
Ben-Youssef Meïté
59%
Marie Josée Ta Lou-Smith
55%
Cheick Sallah Cissé
50%
Murielle Ahouré-Demps
50%
Nie znaleziono quizów pasujących do podanych kryteriów
Rozkład punktacji
Procent ludzi z każdym wynikiem
Percentyl według liczby udzielonych odpowiedzi
Twoja historia wyników
Nie rozwiązałeś tego quizu